| 000 | 00473nam a2200193Ia 4500 | ||
|---|---|---|---|
| 003 | LK-CoDNM | ||
| 005 | 20241209111914.0 | ||
| 008 | 010623t1987 xxu||||| |||| 00| 1 eng d | ||
| 040 |
_aLK-CoDNM _dLK-CoDNM _eLK-CoDNM |
||
| 041 | _aeng | ||
| 080 |
_a294.3 _bBUD |
||
| 100 | _aSandell, Kias. | ||
| 245 | _aBuddhist Perspectives on the Ecocrisis | ||
| 260 |
_bWheel Publication _c1987 |
||
| 300 | _b76p. ; 18 cm | ||
| 650 | _a1987 | ||
| 650 | _aBuddhism | ||
| 942 | _cBK | ||
| 999 |
_c113518 _d113518 |
||